Estudio etnobotánico sobre las especies utilizadas por la comunidad indígena Miraña, Amazonas-Colombia (Registro nro. 213)

Detalles MARC
000 -CABECERA
Campo de control 01177nam a2200325 a 4500
005 - FECHA Y HORA DE LA ULTIMA TRANSACCION
Campo de control 20160104113846.0
008 - ELEMENTOS DE LONGITUD FIJA—INFORMACION GENERAL
Campo de control 140219b1983 ck a gr|||| 00| 0 spa d
020 ## - ISBN
ISBN 9589129056
040 ## - FUENTE DE CATALOGACIÓN
Agencia catalogadora original CO-BoIAVH
Agencia transcriptora CO-BoIAVH
041 0# - IDIOMA
Código de idioma para texto/pista de sonido o título separado Español
044 ## - PAÍS DE PUBLICACIÓN
País de publicación Colombia
082 04 - NUMERO DE CLASIFICACION DECIMAL DEWEY
Número de clasificación 581.98616
Número del ítem L33e
100 1# - ASIENTO PRINCIPAL--NOMBRE PERSONAL
Nombre personal La Rotta, Constanza
Término relacionado Autor
9 (RLIN) 2644
245 1# - MENCION DE TITULO
Título Estudio etnobotánico sobre las especies utilizadas por la comunidad indígena Miraña, Amazonas-Colombia
Mención de responsabilidad Constanza La Rotta
246 04 - FORMA VARIANTE DEL TITULO
Título propiamente dicho/forma breve del título Especies utilizadas por la comunidad Miraña
260 ## - PUBLICACION, DISTRIBUCION, ETC. (PIE DE IMPRENTA)
Lugar de publicación, distribución, etc. Bogotá D.C. :
Nombre del editor, distribuidor, etc. World Wildlife Fund:
-- Fondo FEN Colombia. ,
Fecha de publicación, distribución, etc. 1983.
300 ## - DESCRIPCION FISICA
Extensión 384 páginas. :
Otros detalles físicos Ilustraciones, tablas ;
Dimensiones 23 x 15 cm.
650 #6 - ASIENTO SECUNDARIO DE MATERIA - TERMINO TEMATICO
Término temático o nombre geográfico como elemento de entrada Comunidades indígenas
9 (RLIN) 45790
650 #6 - ASIENTO SECUNDARIO DE MATERIA - TERMINO TEMATICO
Término temático o nombre geográfico como elemento de entrada Etnobotánica
9 (RLIN) 45791
650 #6 - ASIENTO SECUNDARIO DE MATERIA - TERMINO TEMATICO
Término temático o nombre geográfico como elemento de entrada Comunidad Miraña
9 (RLIN) 6937
650 #6 - ASIENTO SECUNDARIO DE MATERIA - TERMINO TEMATICO
Término temático o nombre geográfico como elemento de entrada Usos tradicionales
9 (RLIN) 45792
650 #6 - ASIENTO SECUNDARIO DE MATERIA - TERMINO TEMATICO
Término temático o nombre geográfico como elemento de entrada Plantas útiles
9 (RLIN) 45793
650 #6 - ASIENTO SECUNDARIO DE MATERIA - TERMINO TEMATICO
Término temático o nombre geográfico como elemento de entrada Conocimiento tradicional
9 (RLIN) 45794
700 1# - ASIENTO SECUNDARIO - NOMBRE PERSONAL
Nombre personal Miraña, Petei
Término de relación Editor
9 (RLIN) 6941
700 1# - ASIENTO SECUNDARIO - NOMBRE PERSONAL
Nombre personal Yucuna, Nati
Término de relación Editor
9 (RLIN) 6942
700 1# - ASIENTO SECUNDARIO - NOMBRE PERSONAL
Nombre personal Miraña, Miguel
Término de relación Editor
9 (RLIN) 6943
700 1# - ASIENTO SECUNDARIO - NOMBRE PERSONAL
Nombre personal Miraña, Boa
Término de relación Editor
9 (RLIN) 6944
700 1# - ASIENTO SECUNDARIO - NOMBRE PERSONAL
Nombre personal Miraña, María
Término de relación Editor
9 (RLIN) 6945
942 ## - ELEMENTOS ADICIONALES (KOHA)
Tipo de ítem Libro
Sistema de clasificación Dewey Decimal Classification
Existencias
Withdrawn status Lost status Sistema de Clasificación Damaged status No para préstamo Colección Inventariado Ubicación Permanente Ubicación actual Fecha de adquisición Fuente de Valor Valor Total Checkouts Número topográfico Inventario / Código de Barras Date last seen Ejemplar Price effective from Forma de adquisición Tipo de material
    Dewey Decimal Classification     General Inventariado 2017 Bogotá Bogotá 24/12/1997 Instituto 50000.00   LB-581.98616 L33e 001403 04/12/2012 Ej. 1 04/12/2012   Libro